000 01433nam a2200289 i 4500
001 182636
003 ES-MaACL
005 20250817205804.0
008 131007s2010 sp a | |||||||| | spa d
020 _a978-84-9704-495-0
080 _a061.61(460.27 M.)(091)
100 1 _aAzcuénaga Cavia, María del Carmen,
_d1983-
_9153567
245 1 3 _aLa Junta para Ampliación de Estudios e Investigaciones Científicas :
_bhistoria de sus centros y protagonistas (1907-1939) /
_ccoordinador, Ernesto Caballero Garrido ; autor principal, Mª Carmen Azcuénaga Cavia ; colaboradores, Raquel León Larios, Daniel Carracedo Jiménez.
250 _a1ª ed.
260 _aSomonte-Cenero, Gijón :
_bTrea ;
_a[Madrid] :
_bAsociación Nacional de Estudiantes e Investigadores Siglo XXI,
_c2010.
300 _a221 p. :
_bil. ;
_c24 cm.
490 1 _aEstudios históricos La Olmeda. Colección Piedras angulares
504 _aBibliografía: p. [215]-221.
610 2 4 _aJunta para la Ampliación de Estudios e Investigaciones Científicas-
_xHistoria.
_9138519
700 1 _aCaballero Garrido, Ernesto,
_d1978-
_9153568
700 1 _aLeón Larios, Raquel.
_9153569
700 1 _aCarracedo Jiménez, Daniel.
_9153570
830 0 _aEstudios históricos La Olmeda. Colección Piedras angulares
_9193605
852 _aES-MaACL
_jA-12877
_9189553
_bR.149057
_cDEPO1
_dOlim: N-5877
942 _2udc
_cMONOGRAFIA
999 _c182636
_d182636